The vampire diaries (questions) - Statistiques

Statistiques générales
  • Ce quiz a été pris 4 474 fois
  • Le résultat moyen est 12 sur 15
Statistiques - réponses
Question Réponse % Correct
Dans la saison 1, quel objet Bonnie fit-elle voler dans la chambre d'Elena ? Des plumes
95%
Qui a tué Lexi ? Damon
93%
Comment Jenna est-elle morte ? Un sacrifice
93%
Qui se retrouvent coincés ensemble dans l'au-delà ? Damon et Bonnie
91%
Lequel des frères Salvatore a rencontré Elena en premier ? Damon
89%
Qui a sauvé Elena de la noyade dans la saison 1 ? Stefan
89%
Damon a-t-il rencontré Elena en premier ? Vrai
89%
Quels sont les prénoms écrits sur les murs de la grotte ? Niklaus, Elijah, Rebekah et Mikael
87%
Pourquoi Stefan fait-il la liste de ses victimes ? Pour revivre leur meurtre
86%
Que faut-il à Klaus pour que ses hybrides restent en vie ? Du sang du double (Elena)
85%
En quelle année Damon et Stefan Salvatore se sont-ils transformés en vampires ? 1864
71%
Quel est le nom du pont de Mystic Falls où les parents adoptifs d'Elena meurent ? Wickery Bridge
66%
Où le bal se déroule-il après la fuite dans le gymnase ? Chez Tyler
63%
Comment s'appelle le vampire, chasseur de vampires ? Marius
48%
Combien de fois Jeremy Gilbert est-il mort dans la série ? 5 fois
10%
Aucun quiz correspondant
Distribution des résultats
% des personnes avec chaque résultat
Percentile par nombre de réponses
Votre historique - résultats
Vous n’avez pas pris ce quiz